| 000 | 00000nas 2200000za 4500 |
| 001 | 9.503264 |
| 003 | CaOODSP |
| 005 | 20221107133236 |
| 007 | cr ||||||||||| |
| 008 | 150406d20092016mbcar p o s f0 b0fre|d |
| 022 | |a1920-910X |
| 040 | |aCaOODSP|bfre |
| 043 | |an-cn--- |
| 086 | 1 |aA92-28F-PDF |
| 222 | 0|aQualité des haricots ronds blancs de l'Ouest canadien |
| 245 | 00|aQualité des haricots ronds blancs de l'Ouest canadien |h[ressource électronique]. |
| 260 | |aWinnipeg : |bCommission canadienne des grains, |c[2009]-2016. |
| 310 | |aAnnuel |
| 362 | 1 |aParaît depuis 2009 ; ne paraît plus après 2016. |
| 500 | |aPubl. aussi en anglais sous le titre : Quality of western Canadian pea beans. |
| 500 | |a« Il n’existe pas de rapports sur la qualité pour les campagnes 2013 à 2016 en raison d’un nombre insuffisant d’échantillons »--Site Web de l'éditeur. |
| 692 | 07|2gccst|aGrain |
| 710 | 2 |aCommission canadienne des grains. |
| 775 | 08|tQuality of western Canadian pea beans |w(CaOODSP)9.506867 |
| 780 | 00|tQualité des légumineuses de l'Ouest canadien |w(CaOODSP)9.503639 |